Responses for show #7814 - Thursday, July 26, 2018

Contestants

[<< previous game]

Rick Terpstra, an aspiring English teacher from Havertown, Pennsylvania

Ian Flynn, a copy editor from Portsmouth, New Hampshire

Burt Westermeier, a Ph.D. candidate from New Haven, Connecticut (whose 1-day cash winnings total $14,401)

[next game >>]

Jeopardy! Round responses

FOR ME & MY GAL GADOT
SAINTS ON EARTH
(Alex: We want you to correct the name which has an incorrect spelling. It has an "S" that doesn't belong at the end...)
NO S ENDING!
POTPOURRI
ANTI UP
DEAL THE CARDS
    $200 4
Israel

Ian
    $200 1
Saint Helena

Burt
    $200 21
Sally Field

Ian
    $200 6
bail

Burt
    $200 11
anti-trust

Rick
    $200 24
(Alex: Less than a minute now.)

Go Fish

Rick
    $400 5
The Fast and the Furious

Ian
    $400 2
St. Augustine

Burt
    $400 22
Revelation

Ian
    $400 7
the Model A

Ian
    $400 12
Pope

Ian
    $400 25
Crazy Eights

Burt
    $600 18
Entourage

Ian
    $600 3
Saint Croix

Ian
    $600 23
Clive Owen

Burt
    $600 8
the Counter-Reformation

Burt
    $600 13
New Zealand

Triple Stumper
    $600 26
Old Maid

Burt
    $800 19
Date Night

Ian
    $2,000 16
Saint Lawrence

Rick
    $800 9
"Not that there's anything wrong with that!"

Ian
    $800 14
antihero

Rick
    $800 27
rummy

Burt
    $1000 20
Batman v Superman

Rick
    $1000 17
Saint Kitts

Ian
    $1000 29
[The end-of-round signal sounds.]

Alan Cumming

Ian
    $1000 10
(Rick: What is Messenger?)
[Originally ruled incorrect; ruled correct during contestant interviews]

WhatsApp (or Messenger)

Rick
    $1000 15
positrons

Triple Stumper
    $1000 28
bridge

Rick

Scores at the first commercial break (after clue 15):

Burt Ian Rick
$1,400 $2,800 $2,000

Scores at the end of the Jeopardy! Round:

Burt Ian Rick
$3,800 $6,800 $6,200

Double Jeopardy! Round responses

IT'S A JUNGLE OUT THERE
THE 16th CENTURY
THIS CATEGORY IS "P.G."
TV WITH HIGH RATINGS
15-LETTER WORDS
QUEENS OF THE LITERARY REALM
    $400 27
a rain forest

Rick
    $400 1
Sri Lanka

Rick
    $400 7
the peanut gallery

Burt
    $400 2
(Ian: What is Survivor?)

American Idol

IanRick
    $400 16
the Queen of Hearts

Burt
    $800 28
[The end-of-round signal sounds.]

Congo

Rick
    $800 8
a conquistador

Burt
    $800 12
Paul Giamatti

Rick
    $800 3
Gone With the Wind

Rick
    $800 17
Catherine of Aragon

Rick
    $1200 24
(Alex: Less than a minute now.)

machete

Burt
    $1200 9
Worms

Rick
    $3,000 13
the pituitary gland

Rick
    $1200 4
Who shot J.R.?

Ian
    $1200 23
(Ian: What is nondisclosure?)
(Rick: What is clandestine?)

confidentiality

IanRick
Triple Stumper
    $1200 18
Queen of the Damned

Rick
    $1,000 26
Guatemala

Burt
    $1600 10
(Burt: Who is Charles V?)

Philip II

Burt
Triple Stumper
    $1600 14
pocket gopher

Triple Stumper
    $1600 5
M*A*S*H*

Ian
    $1600 22
bioluminescence

Ian
    $1600 19
the Aeneid

Burt
    $2000 25
a tapir

Burt
    $2000 11
Andrea Doria

Triple Stumper
    $2000 15
(Rick: Who is Patty Guggenheim?)

Peggy Guggenheim

Rick
Triple Stumper
    $2000 6
(Ian: What is figure skating?)
(Alex: Be more specific.)
(Ian: What is [*]?)

women's figure skating

Ian
    $2000 21
(Ian: What is poverty?)

underprivileged

Ian
Triple Stumper
    $2000 20
The Song of Roland

Burt

Scores at the end of the Double Jeopardy! Round:

Burt Ian Rick
$11,600 $9,600 $12,800

[wagering suggestions for these scores]

Final Jeopardy! Round responses

FAMOUS NAMES
IanWho Armstrong
$3,300
BurtWho is Billy Graham?
$11,600
RickWho was Billy Graham?
$10,401
Billy Graham

Final scores:

Burt Ian Rick
$23,200 $6,300 $23,201
2nd place: $2,000 3rd place: $1,000 New champion: $23,201

Game dynamics:

Coryat scores:

Burt Ian Rick
$12,200 $9,600 $9,800
16 R
(including 1 DD),
1 W
16 R,
3 W
17 R
(including 2 DDs),
2 W

Combined Coryat: $31,600

The J! Archive is created by fans, for fans. The Jeopardy! game show and all elements thereof, including but not limited to copyright and trademark thereto, are the property of Jeopardy Productions, Inc. and are protected under law. This website is not affiliated with, sponsored by, or operated by Jeopardy Productions, Inc. Join the discussion at JBoard.tv.